000 00440nam a22001697a 4500
003 MACL
005 20160203133928.0
008 160203b xxu||||| |||| 00| 0 eng d
040 _cMACL
041 _aEnglish
082 _a080/MOO
100 _aMookerjee,Nanda
_922779
245 _aVivikananda's Influence on Subhas
260 _aKolkata
_bRamakrishan Mission Institute of Culture
_c2011
650 _aGeneral
_936605
942 _2ddc
_cBK
999 _c53059
_d53059